LEADER 00965nam a2200241 i 4500 001 000000147848 003 CaOOAMICUS 005 20060214000000.0 008 060214s1967 it u000 u ita u 013 $a125149 040 $aSeMil$bita 100 1 $aGombrich, Ernst Hans <1909-2001>.$0(OLS)http://semarc/name/92840 245 10$aFreud e la psicologia dell'arte /$cE. H. Gombrich. 260 $aTorino :$bEinaudi,$c1967. 300 $a109 p., 41 p. di tav. :$bill. ;$c18 cm. 490 0 $aNuovo politecnico ;$v14 650 4$aPsicologia dell'arte.$0(OLS)http://semarc/subject/28888 830 0$aNuovo politecnico ;$v14.$0(OLS)http://semarc/title/6899 850 $aSeMil 852 $aSeMil$W1$xVenegono$y1$m2O I 138 =$j100384$B100384$CSeMilBibl$Z2$F113864 $81 961 $aLascito: Gogna prof.ssa Silvia 996 $6245$aFreud e la psicologia dell'arte$9(OLS)http://semarc/title/216201 996 $6260$aTorino :$bEinaudi$9(OLS)http://semarc/publisher/29884 LEADER 01790nas a2200337 i 4500 001 000000001983 003 CaOOAMICUS 005 20180830125435.0 008 180830s1993 ne uu u0 0und r 022 $a0927-2569 040 $aSeMil$bita 245 10$aBiblical Interpretation :$ba Journal of Contemporary Approaches. 260 $aLeiden :$bE. J. Brill,$c1993. 300 $a24 cm. 500 $aQuadrimestrale ; dal 1997 (Vol. 5.) la periodicità varia in : Trimestrale ; dal 2006 (Vol. 14.) 5 fascicoli annuali. - Dal 1999 (Vol. 7.) il luogo di pubblicazione varia in : Leiden ; Boston ; Köln ; dal 2002 (Vol. 10.) varia in : Leiden ; Boston. 500 $aConsistenza: Vol. 1., No. 1 (February 1993)-Vol. 22., No. 4-5 (2014) . 774 0 $tTitolo mancante.$w()129719 774 0 $t[2004].$dLeiden ; Boston : Brill, 2004.$w()136550 774 0 $t[2005].$dLeiden ; Boston : Brill, 2005.$w()136551 774 0 $t[2006].$dLeiden ; Boston : Brill, 2006.$w()150359 774 0 $t[2007].$dLeiden ; Boston : Brill, 2007.$w()159974 774 0 $t2008.$dLeiden ; Boston : Brill, copyr. 2008.$w()169075 774 0 $t2009.$dLeiden ; Boston : Brill, copyr. 2009.$w()177861 774 0 $t2010.$dLeiden ; Boston : Brill, copyr. 2010.$w()185354 774 0 $t2011.$dLeiden ; Boston : Brill, copyr. 2011.$w()199063 774 0 $t2012.$dLeiden ; Boston : Brill, copyr. 2012.$w()214266 774 0 $t2013.$dLeiden ; Boston : Brill, copyr. 2013.$w()218792 774 0 $t2014.$dLeiden ; Boston : Brill, copyr. 2014.$w()226322 996 $6022$a0927-2569$9(OLS)http://semarc/number/165 996 $6245$aBiblical Interpretation :$ba Journal of Contemporary Approaches$9(OLS)http://semarc/title/3284 996 $6260$aLeiden :$bE. J. Brill$9(OLS)http://semarc/publisher/30490